Database design, application development, and administration / (Record no. 35482)

MARC details
000 -LEADER
fixed length control field 00511nam a22001697a 4500
005 - DATE AND TIME OF LATEST TRANSACTION
control field 20240327104129.0
008 - FIXED-LENGTH DATA ELEMENTS--GENERAL INFORMATION
fixed length control field 240327b |||||||| |||| 00| 0 eng d
020 ## - INTERNATIONAL STANDARD BOOK NUMBER
ISBN 9780071214896
082 ## - DEWEY DECIMAL CLASSIFICATION NUMBER
Classification number 005.74
Item number MAN-D
100 ## - MAIN ENTRY--AUTHOR
Author Name Manning, Michael V.
245 ## - TITLE STATEMENT
Title Database design, application development, and administration /
Statement of responsibility, etc. Michael V.Manning
260 ## - PUBLICATION, DISTRIBUTION, ETC.
Place of Publication USA:
Name of publisher, distributor, etc. McGraw-Hill;
Date of publication, distribution, etc. 2004.
300 ## - PHYSICAL DESCRIPTION
Pages xxvii, 735 p. :
500 ## - GENERAL NOTE
General note include index.
650 ## - SUBJECT ADDED ENTRY--TOPICAL TERM
Subject / Department computer science/Database
300 ## - PHYSICAL DESCRIPTION
-- ill;
-- 23 cm.
952 ## - LOCATION AND ITEM INFORMATION (KOHA)
-- 0
-- 0
Holdings
Lost status Damaged status Collection code Permanent Location Current Location Shelving Location Date acquired Full Call Number Accession No./Barcode Date last seen item type Koha item type
    CS/IT Superior Information Resource Center (SIRC) Superior University- Gold Campus Superior Information Resource Center (SIRC) Superior University- Gold Campus Programming 03/27/2024 005.74 MAN-D 2004 16344 03/27/2024 BOOK BOOK

Powered by Koha